Spell the Marvel Character #281 - Statistics

General Stats
  • This quiz has been taken 11 times
  • The average score is 9 of 11
Answer Stats
Picture Answer % Correct
Arachne
91%
Elektra
91%
Rocket Raccoon
91%
Spectrum
91%
U.S. Agent
91%
Ironheart
82%
Northstar
73%
Omega
73%
Polaris
73%
Persuasion
64%
Shanna
55%
No matching quizzes found
Score Distribution
Percent of People with Each Score
Percentile by Number Answered
Your Score History
You have not taken this quiz